000 00591nam a2200229Ia 4500
003 OSt
005 20220924152112.0
006 a|||||r|||| 00| 0
007 ta
008 220923b |||||||| |||| 00| 0 mar d
024 _a340838
037 _cTextual
040 _aARTS
_cARTS
_bmar
041 _2mar
_amar
082 _aO155,2N38,22, K6
100 _aMatkari Au.
_9225576
245 0 _aAchat Gavachi afat maushi
260 _c1966
650 _aMARATHI LITERATURE
_938000
942 _hO155,2N38,22, K6
_cTEXL
_2CC
999 _c468729
_d468729